El hombre y la tierra en América Latina. Resumen de los informes CIDA sobre tenencia de la tierra en Argentina, Brasil, Colombia, Chile, Ecuador, Guatemala, Perú

Saved in:
Bibliografiske detaljer
Main Authors: Barraclough, Solon (Author), Collarte, Juan Carlos (Author)
Corporate Authors: CIDA (Author), Comité Interamericano de Desarrollo Agrícola (Author)
Format: Bog
Sprog:spansk
Udgivet: Santiago ICIRA 1972
Udgivelse:1a. ed
Fag:
Tags: Tilføj Tag
Ingen Tags, Vær først til at tagge denne postø!

MARC

LEADER 00000cam a2200000 a 4500
001 UCR8739
003 CL-VaPUC
008 980529e19720300cl |||||||||||||||||spa|d
082 0 4 |a 333.318  |b BAR  |2 21 
100 0 |a Barraclough, Solon  |e author  |9 410902 
700 0 |a Collarte, Juan Carlos  |e author  |9 410903 
110 2 |a CIDA  |e author  |9 410904 
710 2 |a Comité Interamericano de Desarrollo Agrícola  |e author  |9 410905 
245 1 3 |a El hombre y la tierra en América Latina. Resumen de los informes CIDA sobre tenencia de la tierra en Argentina, Brasil, Colombia, Chile, Ecuador, Guatemala, Perú 
250 |a 1a. ed 
300 |a 489 p 
942 |c BK 
945 |d 19980529 00:00:00  |a crobeson 
260 |a Santiago  |b ICIRA  |c 1972 
650 0 |a REFORMA AGRARIA  |9 256789 
650 7 |a PROPIEDAD DE TERRENOS  |2 CL-VaPUC  |9 410906 
650 7 |a USO DE LAS TIERRAS  |2 CL-VaPUC  |9 358696 
650 7 |a POLITICA AGRARIA  |2 CL-VaPUC  |9 264314 
651 0 |a América Latina   |9 255027 
583 |a last modification  |c 20150330 04:05:29  |k Rodrigo Vera 
999 |c 270134  |d 270132 
952 |0 0  |1 0  |4 0  |6 333_318000000000000_BAR_1972  |7 0  |8 A  |9 304265  |a BIBENE  |b BIBENE  |d 2019-11-20  |i 1405896  |o 333.318 BAR 1972  |p 1405896  |r 2025-01-15  |w 2019-11-20  |y BK  |k ICO 
952 |0 0  |1 0  |3 erb  |4 0  |6 333_318000000000000_BAR_1972  |7 0  |8 A  |9 304266  |a BIBHIS  |b BIBHIS  |i 5144078  |l 2  |o 333.318 BAR 1972  |p 5144078  |r 2025-01-20  |s 2020-05-29  |w 2019-11-20  |y BK  |z Catalogado en:20150402  |k HIS